Größte Orte in Schleswig-Holstein (Extrem) - Statistiken

Allgemein
  • Dieses Quiz wurde 57 mal gespielt
  • Das Durchschnittsergebnis liegt bei 51 aus 147
Antwortstatistiken
Kreis Einwohnerzahl Ort % Korrekt
kreisfrei 92.667 Flensburg
98%
kreisfrei 248.873 Kiel
98%
kreisfrei 219.044 Lübeck
98%
kreisfrei 80.185 Neumünster
94%
Segeberg 18.891 Bad Segeberg
91%
Pinneberg 44.756 Pinneberg
91%
Rendsburg-Eckernförde 30.545 Rendsburg
89%
Segeberg 82.719 Norderstedt
87%
Plön 8.919 Plön
87%
Rendsburg-Eckernförde 21.620 Eckernförde
85%
Pinneberg 50.728 Elmshorn
85%
Nordfriesland 23.814 Husum
85%
Dithmarschen 22.467 Heide
83%
Herzogtum Lauenburg 11.999 Lauenburg/Elbe
83%
Stormarn 25.104 Bad Oldesloe
81%
Schleswig-Flensburg 25.904 Schleswig
81%
Steinburg 32.319 Itzehoe
79%
Stormarn 34.601 Ahrensburg
77%
Pinneberg 34.617 Wedel
77%
Ostholstein 17.296 Eutin
72%
Herzogtum Lauenburg 19.566 Mölln
70%
Herzogtum Lauenburg 14.552 Ratzeburg
70%
Nordfriesland 13.679 Sylt
68%
Ostholstein 15.749 Neustadt in Holstein
66%
Ostholstein 13.218 Fehmarn
64%
Herzogtum Lauenburg 32.763 Geesthacht
64%
Ostholstein 9.983 Oldenburg in Holstein
64%
Stormarn 28.579 Reinbek
64%
Ostholstein 20.169 Bad Schwartau
62%
Pinneberg 22.339 Quickborn
62%
Segeberg 23.478 Kaltenkirchen
60%
Segeberg 28.375 Henstedt-Ulzburg
57%
Nordfriesland 10.159 Niebüll
57%
Pinneberg 14.606 Tornesch
55%
Segeberg 15.451 Bad Bramstedt
53%
Dithmarschen 12.651 Brunsbüttel
53%
Dithmarschen 5.078 Büsum
53%
Schleswig-Flensburg 6.381 Glücksburg (Ostsee)
53%
Nordfriesland 3.877 Sankt Peter-Ording
53%
Ostholstein 10.976 Malente
51%
Plön 16.186 Preetz
51%
Herzogtum Lauenburg 17.370 Schwarzenbek
51%
Pinneberg 18.476 Uetersen
51%
Ostholstein 9.373 Heiligenhafen
47%
Dithmarschen 7.318 Meldorf
47%
Ostholstein 11.704 Scharbeutz
47%
Stormarn 18.656 Glinde
45%
Plön 5.572 Laboe
45%
Schleswig-Flensburg 11.371 Handewitt
43%
Schleswig-Flensburg 11.733 Harrislee
43%
Plön 14.032 Schwentinental
43%
Ostholstein 8.690 Timmendorfer Strand
43%
Dithmarschen 4.173 Burg (Dithmarschen)
40%
Pinneberg 18.042 Halstenbek
40%
Dithmarschen 5.979 Marne
38%
Pinneberg 19.871 Schenefeld
38%
Nordfriesland 4.940 Tönning
38%
Nordfriesland 4.355 Wyk auf Föhr
38%
Stormarn 16.320 Bargteheide
36%
Rendsburg-Eckernförde 7.867 Bordesholm
36%
Rendsburg-Eckernförde 7.737 Gettorf
36%
Schleswig-Flensburg 8.683 Kappeln
36%
Steinburg 10.987 Glückstadt
34%
Nordfriesland 5.826 Bredstedt
32%
Rendsburg-Eckernförde 7.574 Flintbek
32%
Rendsburg-Eckernförde 11.854 Kronshagen
32%
Ostholstein 15.353 Ratekau
32%
Pinneberg 14.840 Rellingen
32%
Ostholstein 7.257 Grömitz
30%
Plön 5.479 Lütjenburg
30%
Dithmarschen 3.545 Wesselburen
30%
Ostholstein 17.022 Stockelsdorf
28%
Rendsburg-Eckernförde 9.927 Altenholz
26%
Herzogtum Lauenburg 6.718 Büchen
26%
Rendsburg-Eckernförde 3.834 Owschlag
26%
Plön 6.313 Schönberg (Holstein)
26%
Stormarn 13.148 Barsbüttel
23%
Rendsburg-Eckernförde 5.003 Molfsee
23%
Stormarn 9.023 Reinfeld (Holstein)
23%
Schleswig-Flensburg 6.101 Tarp
23%
Stormarn 9.167 Trittau
23%
Herzogtum Lauenburg 13.493 Wentorf bei Hamburg
23%
Ostholstein 8.502 Ahrensbök
21%
Pinneberg 10.683 Barmstedt
21%
Rendsburg-Eckernförde 3.754 Dänischenhagen
21%
Plön 8.698 Heikendorf
21%
Steinburg 8.313 Kellinghusen
21%
Ostholstein 5.121 Lensahn
21%
Rendsburg-Eckernförde 7.175 Nortorf
21%
Schleswig-Flensburg 4.230 Sörup
21%
Plön 3.057 Ascheberg (Holstein)
19%
Rendsburg-Eckernförde 10.470 Büdelsdorf
19%
Segeberg 6.276 Ellerau
19%
Stormarn 9.436 Großhansdorf
19%
Segeberg 10.050 Wahlstedt
17%
Pinneberg 4.249 Ellerbek
15%
Steinburg 5.930 Horst (Holstein)
15%
Plön 6.899 Schönkirchen
15%
Schleswig-Flensburg 5.311 Süderbrarup
15%
Segeberg 5.276 Trappenkamp
15%
Steinburg 4.389 Wilster
15%
Segeberg 3.406 Bornhöved
13%
Rendsburg-Eckernförde 6.636 Fockbek
13%
Rendsburg-Eckernförde 5.410 Hohenwestedt
13%
Pinneberg 3.353 Holm
13%
Plön 4.093 Mönkeberg
13%
Dithmarschen 3.533 Sankt Michaelisdonn
13%
Dithmarschen 3.847 Albersdorf
11%
Stormarn 10.035 Ammersbek
11%
Herzogtum Lauenburg 3.342 Aumühle
11%
Herzogtum Lauenburg 3.855 Groß Grönau
11%
Steinburg 5.972 Hohenlockstedt
11%
Rendsburg-Eckernförde 3.406 Jevenstedt
11%
Schleswig-Flensburg 6.709 Kropp
11%
Pinneberg 4.692 Moorrege
11%
Rendsburg-Eckernförde 5.194 Osterrönfeld
11%
Stormarn 8.990 Oststeinbek
11%
Stormarn 6.519 Tangstedt
11%
Pinneberg 4.835 Appen
9%
Stormarn 3.068 Bargfeld-Stegen
9%
Pinneberg 4.570 Bönningstedt
9%
Segeberg 7.409 Boostedt
9%
Ostholstein 3.446 Bosau
9%
Segeberg 3.113 Großenaspe
9%
Rendsburg-Eckernförde 3.143 Hanerau-Hademarschen
9%
Pinneberg 3.951 Hasloh
9%
Nordfriesland 3.925 Mildstedt
9%
Nordfriesland 3.918 Risum-Lindholm
9%
Ostholstein 5.083 Süsel
9%
Rendsburg-Eckernförde 4.986 Westerrönfeld
9%
Rendsburg-Eckernförde 3.971 Aukrug
6%
Herzogtum Lauenburg 3.398 Dassendorf
6%
Segeberg 4.016 Kisdorf
6%
Pinneberg 3.472 Klein Nordende
6%
Nordfriesland 3.378 Langenhorn
6%
Schleswig-Flensburg 5.447 Mittelangeln
6%
Herzogtum Lauenburg 4.678 Börnsen
4%
Schleswig-Flensburg 3.322 Großenwiehe
4%
Stormarn 3.560 Hoisdorf
4%
Pinneberg 3.178 Klein Offenseth-Sparrieshoop
4%
Pinneberg 3.475 Kölln-Reisiek
4%
Stormarn 3.360 Lütjensee
4%
Schleswig-Flensburg 3.621 Oeversee
4%
Segeberg 3.252 Rickling
4%
Segeberg 3.316 Sülfeld
2%
Herzogtum Lauenburg 3.991 Escheburg
0%
Rendsburg-Eckernförde 4.943 Schacht-Audorf
0%
Keine übereinstimmenden Quizze gefunden
Verteilung der Resultate
Anzahl Personen mit jedem Resultat
Perzentil nach korrekt beantworteten Fragen
Ihre Resultats-Entwicklung
Sie haben dieses Quiz noch nicht gespielt